<?xml version="1.0" encoding="UTF-8"?>
<record
    xmlns:xsi="http://www.w3.org/2001/XMLSchema-instance"
    xsi:schemaLocation="http://www.loc.gov/MARC21/slim http://www.loc.gov/standards/marcxml/schema/MARC21slim.xsd"
    xmlns="http://www.loc.gov/MARC21/slim">

  <leader>01115nam2a22002291  4500</leader>
  <controlfield tag="001">rc\4098217</controlfield>
  <controlfield tag="005">20250611091329.0</controlfield>
  <datafield tag="035" ind1=" " ind2=" ">
    <subfield code="a">(NLR Aleph) 008137501</subfield>
  </datafield>
  <datafield tag="090" ind1=" " ind2=" ">
    <subfield code="a">9463193</subfield>
    <subfield code="c">9463193</subfield>
  </datafield>
  <datafield tag="100" ind1=" " ind2=" ">
    <subfield code="a">20130415d1948    |||y0rusy50      ca</subfield>
  </datafield>
  <datafield tag="101" ind1="0" ind2=" ">
    <subfield code="a">rus</subfield>
  </datafield>
  <datafield tag="102" ind1=" " ind2=" ">
    <subfield code="a">RU</subfield>
  </datafield>
  <datafield tag="105" ind1=" " ind2=" ">
    <subfield code="a">y   z   |||||</subfield>
  </datafield>
  <datafield tag="200" ind1="1" ind2=" ">
    <subfield code="a">[&#x41F;&#x440;&#x43E;&#x435;&#x43A;&#x442; &#x441;&#x43B;&#x43E;&#x432;&#x43D;&#x438;&#x43A;&#x43E;&#x432; &#x43F;&#x43E; &#x43F;&#x435;&#x434;&#x430;&#x433;&#x43E;&#x433;&#x438;&#x43A;&#x435;, &#x43D;&#x430;&#x440;&#x43E;&#x434;&#x43D;&#x43E;&#x43C;&#x443; &#x43E;&#x431;&#x440;&#x430;&#x437;&#x43E;&#x432;&#x430;&#x43D;&#x438;&#x44E;, &#x43F;&#x435;&#x447;&#x430;&#x442;&#x438; &#x438; &#x43D;&#x430;&#x443;&#x43A;&#x435;</subfield>
    <subfield code="e">(&#x41E;&#x431;&#x449;&#x438;&#x435; &#x442;&#x435;&#x440;&#x43C;&#x438;&#x43D;&#x44B;)]</subfield>
  </datafield>
  <datafield tag="210" ind1=" " ind2=" ">
    <subfield code="a">[&#x41C;&#x43E;&#x441;&#x43A;&#x432;&#x430;</subfield>
    <subfield code="c">&#x413;&#x43E;&#x441;. &#x43D;&#x430;&#x443;&#x447;. &#x438;&#x43D;-&#x442; "&#x421;&#x43E;&#x432;. &#x44D;&#x43D;&#x446;&#x438;&#x43A;&#x43B;&#x43E;&#x43F;&#x435;&#x434;&#x438;&#x44F;"]</subfield>
    <subfield code="d">[1948]</subfield>
    <subfield code="g">13-&#x44F; &#x442;&#x438;&#x43F;. &#x442;&#x440;&#x435;&#x441;&#x442;&#x430; "&#x41F;&#x43E;&#x43B;&#x438;&#x433;&#x440;&#x430;&#x444;&#x43A;&#x43D;&#x438;&#x433;&#x430;"</subfield>
  </datafield>
  <datafield tag="215" ind1=" " ind2=" ">
    <subfield code="a">22 &#x441;.</subfield>
  </datafield>
  <datafield tag="461" ind1=" " ind2="0">
    <subfield code="1">001rc\4098216</subfield>
    <subfield code="1">2001#$a&#x41F;&#x440;&#x43E;&#x435;&#x43A;&#x442; &#x441;&#x43B;&#x43E;&#x432;&#x43D;&#x438;&#x43A;&#x43E;&#x432; 2 &#x438;&#x437;&#x434;&#x430;&#x43D;&#x438;&#x44F; &#x411;&#x43E;&#x43B;&#x44C;&#x448;&#x43E;&#x439; &#x441;&#x43E;&#x432;&#x435;&#x442;&#x441;&#x43A;&#x43E;&#x439; &#x44D;&#x43D;&#x446;&#x438;&#x43A;&#x43B;&#x43E;&#x43F;&#x435;&#x434;&#x438;&#x438;</subfield>
    <subfield code="9">9463187</subfield>
    <subfield code="c">[&#x41C;&#x43E;&#x441;&#x43A;&#x432;&#x430;</subfield>
    <subfield code="d">[1948]</subfield>
    <subfield code="n">&#x413;&#x43E;&#x441;. &#x43D;&#x430;&#x443;&#x447;. &#x438;&#x43D;-&#x442; "&#x421;&#x43E;&#x432;. &#x44D;&#x43D;&#x446;&#x438;&#x43A;&#x43B;&#x43E;&#x43F;&#x435;&#x434;&#x438;&#x44F;"]</subfield>
    <subfield code="t">&#x41F;&#x440;&#x43E;&#x435;&#x43A;&#x442; &#x441;&#x43B;&#x43E;&#x432;&#x43D;&#x438;&#x43A;&#x43E;&#x432; 2 &#x438;&#x437;&#x434;&#x430;&#x43D;&#x438;&#x44F; &#x411;&#x43E;&#x43B;&#x44C;&#x448;&#x43E;&#x439; &#x441;&#x43E;&#x432;&#x435;&#x442;&#x441;&#x43A;&#x43E;&#x439; &#x44D;&#x43D;&#x446;&#x438;&#x43A;&#x43B;&#x43E;&#x43F;&#x435;&#x434;&#x438;&#x438;</subfield>
  </datafield>
  <datafield tag="801" ind1=" " ind2="0">
    <subfield code="a">RU</subfield>
    <subfield code="b">NLR</subfield>
    <subfield code="g">psbo</subfield>
  </datafield>
  <datafield tag="801" ind1=" " ind2="1">
    <subfield code="a">RU</subfield>
    <subfield code="b">ELAR</subfield>
    <subfield code="2">rusmarc</subfield>
  </datafield>
  <datafield tag="852" ind1=" " ind2=" ">
    <subfield code="a">NLR</subfield>
    <subfield code="j">101/1948</subfield>
  </datafield>
  <datafield tag="942" ind1=" " ind2=" ">
    <subfield code="c">BOOK</subfield>
  </datafield>
  <datafield tag="980" ind1=" " ind2=" ">
    <subfield code="a">NB</subfield>
  </datafield>
  <datafield tag="995" ind1=" " ind2=" ">
    <subfield code="5">2013-10-26</subfield>
    <subfield code="b">NLR01</subfield>
    <subfield code="c">NLR01</subfield>
    <subfield code="e">CSB</subfield>
    <subfield code="f">8137501-10</subfield>
    <subfield code="k">101/1948</subfield>
    <subfield code="o">0</subfield>
    <subfield code="r">BOOK</subfield>
    <subfield code="s">1011948_</subfield>
  </datafield>
</record>
